| 000 | 00597nam a22001937a 4500 | ||
|---|---|---|---|
| 999 |
_c20545 _d20545 |
||
| 003 | AR-CdUCM | ||
| 008 | 190531b ||||| |||| 00| 0 spa d | ||
| 040 |
_aMUNICIPALIDAD PROVINCIAL DEL CUSCO _cBIBLIOTECA MUNICIPAL DEL CUSCO |
||
| 082 |
_a610.3 / _bD69 |
||
| 110 |
_aSalvat editores S. A. _918368 |
||
| 245 | _aDiccionario terminológico de ciencias médicas / | ||
| 260 |
_aBarcelona : _bSalvat, _c1974. |
||
| 300 |
_a1072 páginas ; _c25 cm |
||
| 505 | _aContenido : Dicconario. | ||
| 650 |
_aDiccionario _95196 |
||
| 650 |
_aciencias médicas _99293 |
||
| 942 |
_2ddc _cLIBROS |
||
| 945 | _arcc | ||